| 000 | 00408 a2200145 4500 | ||
|---|---|---|---|
| 999 |
_c311749 _d311749 |
||
| 001 | 76676 | ||
| 003 | NUST | ||
| 005 | 20170510200648.0 | ||
| 008 | 170510b xxu||||| |||| 00| 0 eng d | ||
| 020 | _a9789695032831 | ||
| 040 | _cNUST | ||
| 082 | _a958.1 YAQ | ||
| 100 |
_aSaif Bin Muhammad Bin Yaqub Al Hervi _9371 |
||
| 245 |
_aTareekh Nama-e-Haraat (urdu) _cSaif Bin Muhammad Bin Yaqub Al Hervi _hUrdu |
||
| 260 |
_aLahore _bAl-Faisal Nashran _c2009 |
||
| 300 | _a652p | ||
| 600 |
_aSultan Altaf Ali _9372 |
||
| 942 |
_acaenust _k958.1 YAQ _2ddc _cBK |
||